<?xml version="1.0" encoding="UTF-8"?>
<collection xmlns="http://www.loc.gov/MARC21/slim">
  <record>
    <leader>00000nam  2200000   4500</leader>
    <controlfield tag="001">INLIS000000000015827</controlfield>
    <controlfield tag="005">20230912104006</controlfield>
    <datafield tag="035" ind1="#" ind2="#">
      <subfield code="a">0010-0923000068</subfield>
    </datafield>
    <controlfield tag="007">ta</controlfield>
    <controlfield tag="008">230912################|##########|#|##</controlfield>
    <datafield tag="084" ind1="#" ind2="#">
      <subfield code="a">R 142 PIM II 2022</subfield>
    </datafield>
    <datafield tag="100" ind1=" " ind2="#">
      <subfield code="a">Joko Purwanto</subfield>
    </datafield>
    <datafield tag="245" ind1="1" ind2="#">
      <subfield code="a">Optimalisasi Penanganan Perkara Tindak Pidana Keamanan Negara dan Ketertiban Umum dan Tindak Pidana Umum Lainnya di Lingkungan Jampidum /</subfield>
      <subfield code="c">Joko Purwanto</subfield>
    </datafield>
    <datafield tag="250" ind1="#" ind2="#">
      <subfield code="a">1</subfield>
    </datafield>
    <datafield tag="260" ind1="#" ind2="#">
      <subfield code="a">Jakarta :</subfield>
      <subfield code="b">Pusbangkom Pimnas dan Manajerial ASN,</subfield>
      <subfield code="c">2022</subfield>
    </datafield>
    <datafield tag="300" ind1="#" ind2="#">
      <subfield code="a">26 halaman :</subfield>
      <subfield code="b">ilus ;</subfield>
      <subfield code="c">30 cm</subfield>
    </datafield>
    <datafield tag="650" ind1="#" ind2="4">
      <subfield code="a">Kejaksaan</subfield>
    </datafield>
    <datafield tag="520" ind1="#" ind2="#">
      <subfield code="a">Aplikasi Case Management Sistem (CMS) merupakan aplikasi perkara di Kejaksaan. Merupakan system yang terdistribusi, dimana setiap Kejari, Kejati ditempatkan 1 server, sehingga proses input perkara tidak akan terpengaruh dengan gangguan jaringan VPN. Aplikasi CMS tersebut di aplikasi SPPTI-TI. SPPTI-TI dimulai dengan ditandatanganinya Nota Kesapahaman oleh 8 kementerian/lembaga. SPPT-TI juga merupakan langkah awal dalam mengubah proses penanganan perkara yang pada saat ini masih berbasis dokumen fisik, dan selanjutnya dengan dukungan penuh dari kemajuan teknologi maka pengiriman dokumen antar Lembaga Penegak Hukum (LPH) dapat berjalan secara elektronik</subfield>
    </datafield>
    <datafield tag="856" ind1="#" ind2="#">
      <subfield code="a">Perpustakaan LAN Pusat</subfield>
    </datafield>
    <datafield tag="990" ind1="#" ind2="#">
      <subfield code="a">142</subfield>
    </datafield>
  </record>
</collection>
